000 00439 a2200121 4500
001 ART_41158
005 20260410161952.0
008 260409a
245 1 0 _aLa insuficiencia del patrimonio fideicomitido en el marco del Código Civil y Comercial de la Nación
100 1 _aPeretti, María Victoria
700 1 _aJunyent Bas, Francisco
773 0 _tTemas de derecho comercial
_g- Año 3, Nº 2 (feb. 2017)
_wREV28151
999 _c30506
_d30506